| Tag |
First Indicator |
Second Indicator |
Subfields |
| LEADER |
00000cam a2200000 4500 |
| 001 |
in00000096314 |
| 005 |
20150925090053.0 |
| 008 |
720622s1972 nyua 00010 eng |
| 010 |
|
|
|a 72005486
|
| 020 |
|
|
|a 0070722439
|c $22.50
|
| 035 |
|
|
|a (OCoLC)00357048
|
| 035 |
|
|
|9 AAL2279AM
|
| 040 |
|
|
|a DLC
|c DLC
|d TXA
|d UtOrBLW
|
| 049 |
|
|
|a TXAM
|c [1129082]
|
| 050 |
0 |
0 |
|a TE251
|b .Y35
|
| 082 |
0 |
|
|a 625.8
|
| 100 |
1 |
|
|a Yang, Nai C.,
|d 1917-
|
| 245 |
1 |
0 |
|a Design of functional pavements /
|c [by] Nai C. Yang.
|
| 264 |
|
1 |
|a New York :
|b McGraw-Hill,
|c [1972]
|
| 300 |
|
|
|a x, 467 pages :
|b illustrations ;
|c 24 cm.
|
| 336 |
|
|
|a text
|b txt
|2 rdacontent
|
| 337 |
|
|
|a unmediated
|b n
|2 rdamedia
|
| 338 |
|
|
|a volume
|b nc
|2 rdacarrier
|
| 650 |
|
0 |
|a Pavements
|x Design and construction.
|
| 999 |
|
|
|a MARS
|
| 999 |
f |
f |
|s 0529e31d-ec2e-3f7a-a9b6-1c06a9c2e648
|i f3bda7e2-c514-3e97-a2f9-a39ad27a24bb
|t 0
|
| 952 |
f |
f |
|p ric
|a Texas A&M University
|b Rellis Campus
|c Joint Library Facility
|d Remote Storage
|t 0
|e TE251 .Y35
|h Library of Congress classification
|i unmediated -- volume
|m A14805389430
|
| 998 |
f |
f |
|a TE251 .Y35
|t 0
|l Remote Storage
|